000 00684nam a2200229Ia 4500
003 OSt
005 20221007110952.0
006 a|||||r|||| 00| 0
007 ta
008 221006b |||||||| |||| 00| 0 eng d
024 _a22,292
037 _cTextual
040 _aLCO
_cLCO
_beng
041 _2eng
_aeng
082 _aZ730bD,6,8(2:55), L0
100 _aNasem Charles
_9708153
245 0 _aNational Centre for the Law Information Concept
_b A Discussion
260 _aWashington
_bD.C. A National Centre for Law Information U.S.A.
_c1970
300 _avarious
942 _hZ730bD,6,8(2:55), L0
_cTEXL
999 _c1191855
_d1191855